000 00383nam a2200169Ia 4500
001 29336
003 IN-NITTTR
005 20251114233400.0
008 251113s9999||||xx |||||||||||||| ||eng||
040 _beng
040 _cIN-NITTTR
041 _aeng
082 _a624 V59D
100 _aVerma, A. K.
245 0 _aDraughtsman civil coursebook /
_cVerma, A. K.
942 _2ddc
_cBK
999 _c31964
_d31964